000 00262nam a2200109Ia 4500
005 20251222153522.0
008 251222s9999||||xx |||||||||||||| ||spa||
082 _aREF.036/A44/2000
245 0 _aAlmanaque Universal 2000
264 _bNavarrete S.A.
942 _cLIB
999 _c29776
_d29776